000 00616nam a2200193Ia 4500
003 GCL
008 140319s9999 xx 000 0 ara d
040 _aGCL /
_cGCL
082 0 4 _a301.34
_bح م
100 1 _aحسين عبدالحميد احمد رشوان
245 1 0 _aالمجتمع دراسة فى علم الاجتماع /
_cحسين عبدالحميد احمد رشوان
260 _a[S.N] :
_bالمكتب الجامعى الحديث ،
_c1990
300 _a318 ص
490 _a
650 0 4 _aتنظيم المجتمع
650 0 4 _aالمجتمع
650 0 4 _aالاجتماع
942 _2ddc
_cBK
999 _c55583
_d55583